000 005190000a22001810004500
003 MACL
005 20160513114945.0
008 160513b xxu||||| |||| 00| 0 eng d
040 _aMACL
_cMACL
041 _aHindi
082 _a891.431
100 _aदास, हरप्रसाद
_956616
245 _aदेश
_cहरप्रसाद दास
260 _bराजकमल प्रकाशन
_c2001
_aपटना
350 _a350
650 _aPoetry
_956617
942 _cHIN
_k891.431/DAS/P
_2ddc
999 _c17819
_d17819